00377 2200157 4500001002100000005001500021035002000036245003200056100001400088300003000102260003100132082000800163084001400171020002200185990001200207INLIS00000000000317720251127094327 a0010-11250000381 aSenja & Pagi 2 /cAlffy Rev0 aAlffy Rev a200 hlm ;c13,5 x 19,5 cm aJakarta :bLoveable,c2020 a813 a813 ALF s a978-623-7211-65-5 a0754564